00406 2200157 4500001002100000005001500021035002000036245005300056100001900109300002600128260003800154082000800192084001400200020002200214990001200236INLIS00000000000167020250429103858 a0010-04250000861 aKamus Genggam Bahasa Indonesia /cRetnoning Tyas0 aRetnoning Tyas a572 hlm ;c11 x 16 cm aYogyakarta :bFrasa Lingua,c2016 a413 a413 RET k a978-602-6805-47-8 a0754670